<?xml version="1.0" encoding="UTF-8"?>
<collection xmlns="http://www.loc.gov/MARC21/slim">
 <record>
  <leader>00640pam a22001698a 4500</leader>
  <controlfield tag="001">00039311</controlfield>
  <controlfield tag="005">20190318160315.0</controlfield>
  <controlfield tag="008">170518s2007                  ||||||Viesd</controlfield>
  <datafield tag="041" ind1="0" ind2="#">
   <subfield code="a">Vie</subfield>
  </datafield>
  <datafield tag="082" ind1="1" ind2="4">
   <subfield code="a">543</subfield>
   <subfield code="b">H401H</subfield>
  </datafield>
  <datafield tag="100" ind1="1" ind2="#">
   <subfield code="a">Từ, Vọng Nghi</subfield>
  </datafield>
  <datafield tag="245" ind1="1" ind2="0">
   <subfield code="n">Phần 1</subfield>
   <subfield code="a">Hóa học phân tích</subfield>
   <subfield code="c">Từ Vọng Nghi</subfield>
   <subfield code="p">Cơ sở lý thuyết các phương pháp Hóa học phân tích</subfield>
  </datafield>
  <datafield tag="250" ind1="#" ind2="#">
   <subfield code="a">In lần thứ 3</subfield>
  </datafield>
  <datafield tag="260" ind1="#" ind2="#">
   <subfield code="a">H.</subfield>
   <subfield code="b">Đại học quốc gia Hà Nội</subfield>
   <subfield code="c">2007</subfield>
  </datafield>
  <datafield tag="300" ind1="#" ind2="#">
   <subfield code="a">320 tr.</subfield>
   <subfield code="b">21cm</subfield>
  </datafield>
  <datafield tag="852" ind1="#" ind2="#">
   <subfield code="j">KD.0022161</subfield>
   <subfield code="j">KM.0023029</subfield>
  </datafield>
  <datafield tag="980" ind1="#" ind2="#">
   <subfield code="a">Trung tâm Học liệu Lê Vũ Hùng, Trường Đại học Đồng Tháp</subfield>
  </datafield>
 </record>
</collection>
